000 01355nam a2200325 i 4500
001 000046285
003 DO-SdBNP
005 20250925082330.0
007 ta
008 110303s2022 dr 000 0 spa d
020 _a9789945629262
040 _aDO-SdBNP
_bspa
_cBNPHU
_erda
082 4 _a337.7293
_bA532c
_222
245 1 0 _aAnálisis de la Coyuntura Internacional :
_bensayos acerca del impacto de la economía mundial sobre el sector externo dominicano /
_ceditoras, Brenda Villanueva de Cardoza, Ana Estefany Mercedes Germosén, Yadira Mabel Caminero Tavaréz
264 _aSanto Domingo :
_bBanco Central de la República Dominicana,
_c2022.
300 _a3v. :
_bilustraciones ;
_c25 cm.
336 _2rdacontent
_atexto
_btxt
337 _2rdamedia
_asin mediación
_bn
338 _2rdacarrier
_avolumen
_bnc
490 _aBanco Central de la República Dominicana ;
_v205. Serie Ciencias Sociales ; 34
500 _aIncluye datos de las editoras en la solapa de la cubierta
590 _ainventariado, 2023 / DG
650 4 _aEconomía internacional
_985470
650 0 _aDeuda pública
_930423
650 0 _aCrisis económica
_99159
651 4 _aRepública Dominicana
_xCondiciones económicas
_9281
810 2 _aBanco Central de la República Dominicana
_983405
910 _aDG/Validado. Control de calidad MFF
942 _2ddc
_cLBS1
999 _c53549
_d53549